Príprava, hodnotenie sorpčných vlastností a aplikovanie selektívnej membrány s odtlačkom molekuly biologicky aktívnej látky

Enregistré dans:
Détails bibliographiques
Auteur principal: Kučíková, Barbora (Auteur)
Autres auteurs: Hroboňová, Katarína (Directeur de thèse)
Format: Manuscrit Livre
Langue:slovaque
Publié: 2024
Sujets:
Accès en ligne:http://is.stuba.sk/zp/portal_zp.pl?podrobnosti=176581
Tags: Ajouter un tag
Pas de tags, Soyez le premier à ajouter un tag!

MARC

LEADER 00000ntm a22000003a 4500
001 stuzp98060
003 SK-STU
005 20240601210326.3
007 ta
008 150427s2015----xo-----f-mn---000-0-slo-d
040 |a STU  |b slo 
041 0 |a slo 
100 1 |a Kučíková, Barbora  |u 041000  |4 aut  |U FCHPT Fakulta chemickej a potravinárskej technológie  |T FCHPT Ústav analytickej chémie  |X 105522  |U C1000  |Y 99  |7 105522 
242 0 1 |a Preparation, evaluation of sorption properties and application of a selective membrane with an imprint of a biologically active substance molecule  |y eng 
245 1 0 |a Príprava, hodnotenie sorpčných vlastností a aplikovanie selektívnej membrány s odtlačkom molekuly biologicky aktívnej látky 
260 |c 2024 
650 4 |a membrána s odtlačkom molekuly  |2 slo 
650 4 |a sorpčné vlastnosti  |2 slo 
650 4 |a extrakcia tuhou fázou  |2 slo 
650 4 |a HPLC-DAD  |2 slo 
650 4 |a D-pantenol  |2 slo 
650 4 |a molecularly imprinted membrane  |2 eng 
650 4 |a sorptive properties  |2 eng 
650 4 |a solid-phase extraction  |2 eng 
650 4 |a HPLC-DAD  |2 eng 
650 4 |a D-panthenol  |2 eng 
700 1 |a Hroboňová, Katarína  |u 041000  |k Z1  |4 ths  |U FCHPT Fakulta chemickej a potravinárskej technológie  |T FCHPT Ústav analytickej chémie  |X 3931  |U C1000  |Y 99  |7 A000003931 
856 4 |u http://is.stuba.sk/zp/portal_zp.pl?podrobnosti=176581